El proceso 1976/1983 /
Guardado en:
| Autor Principal: | |
|---|---|
| Formato: | Libro |
| Publicado: |
Buenos Aires :
Emec',
1993
|
| Materias: | |
| Etiquetas: |
Agregar Etiqueta
Sin Etiquetas, Sea el primero en etiquetar este registro!
|
| LEADER | 00624nam a22002055a 4500 | ||
|---|---|---|---|
| 001 | CEM.cems007669 | ||
| 005 | 20060214000000.0 | ||
| 008 | 130507s1993##################000#0#####d | ||
| 003 | CEMS | ||
| 082 | 0 | 4 | |a 982.06 |
| 100 | 1 | |a Jordan, Alberto R. | |
| 245 | 1 | 0 | |a El proceso 1976/1983 / |
| 260 | |a Buenos Aires : |b Emec', |c 1993 | ||
| 300 | |a 455 p. | ||
| 505 | 0 | |a De C mpora a Isabelita. Videla. Viola. Galtieri. Bignone. | |
| 653 | |a Guerra de malvinas | ||
| 653 | |a Guerra sucia | ||
| 653 | |a Historia argentina 1976-1983 | ||
| 653 | |a Proceso reorganizacion naciona | ||
| 859 | |a CEMS |b BIB. CEMS - 11 de abril |h 982.06 |i J761 |p 17982.94 |t Ej.1 | ||
